| 000 | 00795nam a22002657a 4500 | ||
|---|---|---|---|
| 003 | PE SENCICO BE | ||
| 005 | 20251020182621.0 | ||
| 008 | 221128b |||||||| |||| 00| 0 eng d | ||
| 017 | _aM-21.503-2015 | ||
| 020 | _a978-84-907713-5-8 | ||
| 040 |
_aPE SENCICO BE _cPE SENCICO BE |
||
| 041 | _aspa | ||
| 080 |
_a728+63 _bB74 |
||
| 100 | 1 |
_9132 _aBordón Ferré, Yolanda |
|
| 245 | 1 |
_aTopografía agraria / _cYolanda Bordón Ferré, Roberto Martín Villanueva |
|
| 260 |
_aMadrid: _bSíntesis, _c[2015] |
||
| 300 |
_a198 p.: _bil., diagrs., _c26 cm. |
||
| 504 | _aBibliografía: p. [199] | ||
| 650 | 1 | 0 |
_aTopografía _94 |
| 650 | 2 | 0 |
_aGeodesia _92 |
| 700 | 1 |
_9133 _aMartín Villanueva, Roberto |
|
| 910 |
_bhfp _chfp |
||
| 942 |
_2ddc _cLIB _h728+63 _iB74 |
||
| 999 |
_c3652 _d3652 |
||